00569cam a22001933a 450000100060000000300060000600500170001200800410002904000150007004200070008510000180009224500970011026000290020750600300023651600200026670000180028683000290030485600420033339890PGUSA20140828083905.0120601s2012||||xxu|||||s|||||000 | eng d aPGUSAbeng adc1 aFuseli, Henry14aThe Life and Writings of Henry Fuseli, Vol. II (of 3)h[electronic resource] /cHenry Fuseli bProject Gutenberg,c2012 aPublic domain in the USA. aElectronic text1 aKnowles, John 0aProject Gutenbergv3989040uhttp://www.gutenberg.org/ebooks/39890